00969nam a22002297a 45000010005000000030006000050050017000110080041000280200018000690400029000870500008001160820010001241000014001342450039001482600029001873000061002164900020002775050008002975200385003055210029006905210020007199876FISKH20260311084956.0260311b cb ||||| |||| 00| 0 eng d a9788184852035 aFISKHbengcFISKHdFISKH aPZ7 a398.2 aAnonymous aStories of wisdom / cBy Anonymous aNew Delhi :bLearners ,  a24 unnumbered pages : bcolor illustrations ; c28 cm .  aStories of .... aM  aStories of Wisdom is a collection of short moral stories that teach children important life lessons. The stories show characters facing everyday problems and learning from their experiences. Each story encourages values such as honesty, kindness, patience, and wise decision-making. The book helps young readers understand good behavior while enjoying simple and engaging stories.8 a550 bLexile estimate 8 aM bRaz-Plus